[Event "Budapest FS07 FM-A"]
[Site "Budapest"]
[Date "2008.07.16"]
[Round "12"]
[White "Weser, Adam"]
[Black "Mayer, Istvan"]
[Result "1/2-1/2"]
[WhiteElo "2091"]
[BlackElo "2164"]
[PlyCount "27"]
[EventDate "2008.07.05"]
[EventType "tourn"]
[EventRounds "13"]
[EventCountry "HUN"]
[SourceTitle "CBM 125 Extra"]
[Source "ChessBase"]
[SourceDate "2008.09.01"]
[SourceVersion "1"]
[SourceVersionDate "2008.09.01"]
[SourceQuality "1"]

1. d4 d5 2. c4 dxc4 3. e3 Nf6 4. Bxc4 e6 5. Nf3 c5 6. 0-0 Nc6 7. Nc3 a6 8. a4 Be7 9. Re1 0-0 10. d5 exd5 11. Nxd5 Nxd5 12. Bxd5 Qd6 13. e4 Bg4 14. Bg5 1/2-1/2

[Event "Budapest FS07 FM-A"]
[Site "Budapest"]
[Date "2008.07.06"]
[Round "2"]
[White "Juhasz, Kristof"]
[Black "Weser, Adam"]
[Result "1-0"]
[WhiteElo "2175"]
[BlackElo "2091"]
[PlyCount "49"]
[EventDate "2008.07.05"]
[EventType "tourn"]
[EventRounds "13"]
[EventCountry "HUN"]
[SourceTitle "CBM 125 Extra"]
[Source "ChessBase"]
[SourceDate "2008.09.01"]
[SourceVersion "1"]
[SourceVersionDate "2008.09.01"]
[SourceQuality "1"]

1. d4 d5 2. Nf3 e6 3. c4 c6 4. Qc2 Nf6 5. Bg5 Nbd7 6. e3 Bb4+ 7. Nc3 Qa5 8. Bxf6 Nxf6 9. Nd2 0-0 10. Bd3 b6 11. 0-0 Bb7 12. Nb3 Qa6 13. cxd5 b5 14. dxe6 fxe6 15. Ne4 Nxe4 16. Bxe4 h6 17. a3 Bd6 18. Nc5 Bxc5 19. Qxc5 Qb6 20. Rac1 Rac8 21. Rc2 Rf7 22. Rfc1 Rfc7 23. b4 Kh8 24. Rc3 Kg8 25. f4 1-0

[Event "Nassau CC-ch"]
[Site "Mineola"]
[Date "2007.12.17"]
[Round "10"]
[White "Guevara, Robert N"]
[Black "Weser, Adam"]
[Result "1/2-1/2"]
[WhiteElo "2061"]
[BlackElo "2070"]
[PlyCount "55"]
[EventDate "2007.10.15"]
[EventType "swiss"]
[EventRounds "10"]
[EventCountry "USA"]
[SourceTitle "EXT 2009"]
[Source "ChessBase"]
[SourceDate "2008.11.26"]
[SourceVersion "1"]
[SourceVersionDate "2008.11.26"]
[SourceQuality "1"]

1. d4 d5 2. Nf3 c6 3. e3 Bg4 4. Bd3 Nf6 5. Nbd2 Nbd7 6. h3 Bh5 7. Qe2 e6 8. c3 Bd6 9. 0-0 0-0 10. e4 e5 11. g4 Bg6 12. dxe5 dxe4 13. Nxe4 Bxe5 14. Bg5 Bxe4 15. Bxe4 h6 16. Bh4 g5 17. Nxe5 Nxe5 18. Bg3 Nxe4 19. Qxe4 Ng6 20. Rad1 Qb6 21. Rd6 Kg7 22. Rxg6+ fxg6 23. Qe7+ Rf7 24. Be5+ Kg8 25. Qe6 c5 26. Bd6 Kg7 27. Be5+ Kg8 28. Bd6 1/2-1/2